=LDR 00000nam 2200000 4500 =001 INLIS000000000043542 =005 20131008103417 =008 ***********************************ind** =035 ##$$0010-101300000001464 =041 ##$$a ind =082 ##$$a 338.9 =090 ##$$a 338.9, Rak p =100 ##$$a RAKHBINI, Didi J =245 ##$$a Politik eknomi baru menyedemokrasi ekonomi, Didik J Rakhbini =260 ##$$a 2001 $b Jakarta =300 ##$$a xii, 2004 hlm, 21 cm =650 ##$$a POLITIK EKONOMI =850 ##$$a NBPNMAT